Logo BPK

Biblioteka

Politechniki Koszalińskiej

Opanuj Auto CAD werja 12 / (Rekord nr 6550)

Szczegóły MARC
000 -ETYKIETA REKORDU
podpole kontrolne o stałej długości 00528nam a2200181 i 4500
001 - NUMER KONTROLNY REKORDU
pole kontrolne bg
020 ## - MIĘDZYNARODOWY ZNORMALIZOWANY NUMER KSIĄŻKI - ISBN
ISBN 8371011342
040 ## - ŹRÓDŁO KATALOGOWANIA
Instytucja, która utworzyła rekord BPK
041 ## - KOD JĘZYKA
Kod języka tekstu pol
080 ## - UNIWERSALNA KLASYFIKACJA DZIESIĘTNA - UKD
UKD 681.322:744
920 ## - Międzynarodowy znormalizowany numer książki – ISBN
ISBN 83-7101-134-2
008 - POLE O STAŁEJ DŁUGOŚCI - DANE KONTROLNE
podpole kontrolne o stałej długości s pl f |000 0 pol
100 1# - NAZWA OSOBOWA
Nazwa osobowa OMURA, George
245 #0 - TYTUŁ/ODPOWIEDZIALNOŚĆ
Tytuł Opanuj Auto CAD werja 12 /
Pozostałe elementy strefy tytułu i oznaczenia odpowiedzialności George Omura ; [tł. Robert Ulijasz, Bartłomiej Sławińsi, Marcin Kasperski]. - T. 2.
260 ## - STREFA ADRESU WYDAWNICZEGO
Miejsce wydania Warszawa :
Nazwa wydawcy/dystrybutora Wydaw. PLJ,
Data publikacji, dystrybucji/powstania dokumentu 1994.
300 ## - STREFA OPISU FIZYCZNEGO
Objętość 468 s. :
Inne cechy fizyczne rys. ;
Rozmiary 21 cm +
Dokument towarzyszący dyskietka.
856 ## - LOKALIZACJA I DOSTĘP DO ELEKTRONICZNYCH DOKUMENTÓW ZDALNYCH
Link (URL) http://koha.tu.koszalin.pl/cgi-bin/koha/opac-detail.pl?biblionumber=6550
Tekst linku Katalog online BPK
942 ## - DODATKOWE ELEMENTY (KOHA)
Typ dokumentu Książka
Egzemplarze
Wycofany Status egzemplarza Uszkodzony Dostępność Lokalizacja stała Lokalizacja bieżąca Miejsce przechowywania Sygnatura Kod kreskowy Typ dokumentu
      Dostępny Biblioteka Politechniki Koszalińskiej Biblioteka Politechniki Koszalińskiej Wypożyczalnia BG P 47746 01884852 Książka
© 2023 Biblioteka Politechniki Koszalińskiej :: KOHA